Gurren Lagann Personnages - Statistiques

Statistiques générales
  • Ce quiz a été pris 48 fois
  • Le résultat moyen est 13 sur 44
Statistiques - réponses
Indice Réponse % Correct
Brigade Dai-Gurren Kamina
96%
Brigade Dai-Gurren Simon
96%
Brigade Dai-Gurren Yoko Littner / Miss Yomako
92%
Brigade Dai-Gurren Kittan Bachika
73%
Homme-Bête Viral
73%
Brigade Dai-Gurren Rossiu Adai
69%
Ennemi Final Anti-Spiral
65%
Homme-Bête Lordgenome / Roi Spiral
65%
Brigade Dai-Gurren Nia Teppelin
65%
Brigade Dai-Gurren Boota
50%
Brigade Dai-Gurren Kinon Bachika
50%
Brigade Dai-Gurren Dayakka Littner
46%
Brigade Dai-Gurren Leeron Littner
46%
Homme-Bête Adiane
38%
Brigade Dai-Gurren Darry Adai
35%
Brigade Dai-Gurren Kiyoh Bachika
35%
Brigade Dai-Gurren Gimmy Adai
31%
Brigade Dai-Gurren Kiyal Bachika
27%
Homme-Bête Thymilph
27%
Bébé Anne Littner
23%
Homme-Bête Cytomander
23%
Homme-Bête Guame
23%
Père de Kamina Joe
19%
Brigade Dai-Gurren Kidd Coega
19%
Classe de Miss Yomako Naakim
19%
Brigade Dai-Gurren Iraak Coega
15%
Brigade Dai-Gurren Artenborough Cortich
12%
Brigade Dai-Gurren Balinbow Bakusa
12%
Brigade Dai-Gurren Leyte Jokin
12%
Classe de Miss Yomako Maosha
12%
Brigade Dai-Gurren Old Coco
8%
Mère de Simon Sheeta
8%
Brigade Dai-Gurren Jorgun Bakusa
4%
Brigade Dai-Gurren Makken Jokin
4%
Brigade Dai-Gurren Zorthy Kanai
4%
Brigade Dai-Gurren Cybela Kuto
0%
Homme-Bête Dusack
0%
Brigade Dai-Gurren Gabal Docker
0%
Membre du Gouvernement Guinble Kaito
0%
Homme-Bête Jirid
0%
Chef du Village Adai Magin
0%
Chef du Village Giha Shak
0%
Père de Simon Takeshi
0%
Brigade Dai-Gurren Tetukan Littner
0%
Aucun quiz correspondant
Distribution des résultats
% des personnes avec chaque résultat
Percentile par nombre de réponses
Votre historique - résultats
Vous n’avez pas pris ce quiz